000
00192nam a22000977a 4500
082
_a
823
_b
SLI/A
245
_a
ALL ABOUT CHIMPANZEES
300
_a
29
650
_a
ENGLISH SHORT STORY
942
_c
BK
999
_c
3098
_d
3098